| 000 | 00350nam a22001457a 4500 | ||
|---|---|---|---|
| 008 | 230124b ||||| |||| 00| 0 eng d | ||
| 020 | _a9781429283519 | ||
| 041 | _aeng | ||
| 080 |
_2SEVENTH EDITION _a311 |
||
| 082 | _a311CRA | ||
| 100 | _a25 | ||
| 101 | _aSTATIC | ||
| 245 |
_aINTRODUCTION TO THE PRACTICE OF STATISTICS _cCRAIG |
||
| 942 |
_2udc _cBK |
||
| 999 |
_c59273 _d59273 |
||